Zdokonalenie organizačnej štruktúry riadenia v podniku Duslo Šaľa, a.s. : Diplomová práca

Saved in:
Bibliographic Details
Main Author: Farkaš, Gabriel (Author)
Other Authors: Štefánek, Peter (xxx)
Format: Manuscript Book
Language:Slovak
Published: Trnava : STU v Bratislave MtF KPIM, 2004
Subjects:
Tags: Add Tag
No Tags, Be the first to tag this record!

MARC

LEADER 00000ntm a22000003a 4500
001 stu89306
005 20160719154657.4
008 040728s2004----xo------------------slo-d
040 |a STU  |b slo 
041 0 |a slo 
044 |a xo 
100 1 |a Farkaš, Gabriel  |4 aut 
245 1 |a Zdokonalenie organizačnej štruktúry riadenia v podniku Duslo Šaľa, a.s. :  |b Diplomová práca 
260 |a Trnava :  |b STU v Bratislave MtF KPIM,  |c 2004 
300 |a 73 s  |c príl., CD 
650 7 |a priemyselné inžinierstvo a manažment  |2 stusub 
650 7 |a organizačné štruktúry  |2 stusub 
700 1 |a Štefánek, Peter  |4 xxx  |u M190  |U MTF Materiálovotechnologická fakulta  |T MTF Katedra priemyselného inžinierstva a manažmentu  |X 1000601577  |U M190  |Y 167  |7 1000601577 
996 |b 284M059983  |c M*DP-5242  |l MMSKP  |s P  |a 0  |w stu89306_0001